000 02483nam a2200253Ia 4500
003 Ost
005 20260507075751.0
008 260507s9999||||xx |||||||||||||| ||und||
020 _a9789931140559
040 _cfsecg
041 _aara
082 _a338.9
100 _aبوعبدلي، ياسين
_eمؤلف
245 0 _aشروط الإقلاع الإقتصادي في الجزائر (الجزء الأول) /
_c ياسين بوعبدلي
260 _aالجزائر:
_bدار أجيال الرقمي ,
_c2023
300 _a324 صفحة؛
_bإيضاحات ؛
_c24 سم
504 _aببليوغرافيا: ص ص.300-314
520 _aيتضم هذا الكتاب على الإطار النظري للإقلاع الاقتصادي: الاقلاع الاقتصادي والتأصيل النظري له، عقيات تحقيق الاقلاع الاقتصادي، متطلبات تحقيق تحقيق الاقلاع الاقتصادي، استراتيجية التنمية الاقتصادية، الاستثمار في الموارد البشرية: رأس المال البشري،رأس المال الفكري، رأس المال المعرفي، الاقلاع الاقتصادي في ظل الاستثمار في الموارد البشرية،، الاستثمار الأجنبي والاستثمار المحلي:الاستثمارات الأجنبية المباشرة، الاستثمار المحلي، التنويع الاقتصادي: الاطار النظري للتنويع الاقتصادي، أهمية وضرورة التنويع الاقتصادي، ضرورةالتنويع الاقتصادي لتحقيق الإقلاع وانعكاساته وسلبياته، التحول الطاقوي: الصناعة النفطية، الغاز الطبيعي، الفحم الحجري: اآثار السلبية للطاقات التقليدية، الطاقات المتجددة، الطاقات المتجددة وتحديات الاقلاع الاقتصادي، اقتصاد المعرفة:المؤسسات الناشئة، مساهمة المؤسسات الناشئة في تحقيق الإقلاع الاقتصادي، واقع المؤسسات الناشئة في الجزائر،استراتيجية تطوير المؤسسات الناشئة في الجزائر.
653 _aالتنمية
653 _aالموارد الاقتصادية
653 _aالموارد البشرية
653 _aالنمو الإقتصادي
942 _cكتاب
999 _c46227
_d46227